Introduction to dermatology and syphilology, (Record no. 17157)

MARC details
000 -LEADER
fixed length control field 00736cam a22002291 4500
001 - CONTROL NUMBER
control field ca 33001081
003 - CONTROL NUMBER IDENTIFIER
control field DLC
005 - DATE AND TIME OF LATEST TRANSACTION
control field 20260227111129.0
008 - FIXED-LENGTH DATA ELEMENTS--GENERAL INFORMATION
fixed length control field 810920s1933 xx 000 0 eng
010 ## - LIBRARY OF CONGRESS CONTROL NUMBER
LC control number ca 33001081
035 ## - SYSTEM CONTROL NUMBER
System control number (OCoLC)14750461
040 ## - CATALOGING SOURCE
Original cataloging agency DLC
Transcribing agency DNLM
Modifying agency DLC
042 ## - AUTHENTICATION CODE
Authentication code premarc
050 00 - LIBRARY OF CONGRESS CALL NUMBER
Classification number RL71
Item number .S825
060 0# - NATIONAL LIBRARY OF MEDICINE CALL NUMBER
Classification number WR 140
Item number S857i 1933
100 1# - MAIN ENTRY--PERSONAL NAME
Personal name Stillians, Arthur William,
Dates associated with a name 1871-
245 10 - TITLE STATEMENT
Title Introduction to dermatology and syphilology,
Statement of responsibility, etc. by Arthur W. Stillians, M. D.
260 ## - PUBLICATION, DISTRIBUTION, ETC.
Place of publication, distribution, etc. [Evanston, Ill.]
Name of publisher, distributor, etc. Northwestern university medical school,
Date of publication, distribution, etc. 1933.
300 ## - PHYSICAL DESCRIPTION
Extent 3 p. l., 2-82 numb. l.
500 ## - GENERAL NOTE
General note Lithoprinted, on one side of leaf only.
740 0# - ADDED ENTRY--UNCONTROLLED RELATED/ANALYTICAL TITLE
Uncontrolled related/analytical title Dermatology and syphilology, Introduction to

No items available.

Powered by Koha